El delito de desobediencia en el Código de Justicia Militar de Chile

Saved in:
Bibliografiske detaljer
Hovedforfatter: Mackay Barriga, Rafael (autor)
Format: Bog
Sprog:spansk
Udgivet: Santiago Jurídica de Chile 1965
Serier:Memoria, 12
Fag:
Tags: Tilføj Tag
Ingen Tags, Vær først til at tagge denne postø!

MARC

LEADER 00000nam a2200000 a 4500
001 UCS2762
003 CL-VaPUC
008 970606e19650000CL |||||||||||||||||spa|d
082 0 4 |a 355.133  |b MAC  |2 21 
100 |a Mackay Barriga, Rafael  |e autor  |9 388559 
245 1 3 |a El delito de desobediencia en el Código de Justicia Militar de Chile 
300 |a 190 p 
942 |c BK 
945 |d 19970606 00:00:00  |a lriquelm 
260 |a Santiago  |b Jurídica de Chile  |c 1965 
650 0 |a Código de justicia militar  |9 371893 
650 0 |a Derecho militar  |9 255065 
650 0 |a Delitos  |9 224143 
650 0 |a Evolución  |9 259442 
650 7 |a ELEMENTOS DEL DELITO  |2 CL-VaPUC  |9 388560 
583 |a last modification  |c 19970606 00:00:00  |k Rodrigo Vera 
490 0 |a Memoria, 12 
999 |c 260699  |d 260697 
952 |0 0  |1 0  |4 0  |6 355_133000000000000_MAC_1965  |7 0  |8 A  |9 286983  |a BIBDER  |b BIBDER  |d 2019-11-19  |i 1863959  |l 1  |o 355.133 MAC 1965  |p 1863959  |r 2024-11-06  |s 2024-11-05  |w 2019-11-19  |y BK  |k DER 
952 |0 0  |1 0  |4 0  |6 355_133000000000000_MAC_1965  |7 0  |8 A  |9 286984  |a BIBDER  |b BIBDER  |d 2019-11-19  |i 1863967  |l 2  |o 355.133 MAC 1965  |p 1863967  |r 2024-10-07  |s 2024-10-07  |w 2019-11-19  |y BK  |k DER